[Event "BCF-chT2 0607 (4NCL)"]
[Site "Sunningdale"]
[Date "2007.01.14"]
[Round "6.1"]
[White "Kahar, Krunal"]
[Black "Bates, Richard"]
[Result "1/2-1/2"]
[WhiteElo "2201"]
[BlackElo "2376"]
[PlyCount "64"]
[EventDate "2006.09.16"]
[EventType "team"]
[EventRounds "11"]
[EventCountry "ENG"]
[SourceTitle "EXT 2008"]
[Source "ChessBase"]
[SourceDate "2007.11.25"]
[SourceVersion "1"]
[SourceVersionDate "2007.11.25"]
[SourceQuality "1"]
[WhiteTeam "Slough Sharks II"]
[BlackTeam "Richmond"]
[WhiteTeamCountry "ENG"]
[BlackTeamCountry "ENG"]

1. Nf3 Nf6 2. b3 g6 3. Bb2 Bg7 4. e3 0-0 5. Be2 d6 6. d4 Nbd7 7. 0-0 e6 8. c4 b6 9. Nbd2 Bb7 10. Qc2 c5 11. Rfd1 Qc7 12. Rac1 Rfe8 13. Bd3 cxd4 14. exd4 Nh5 15. Be4 d5 16. cxd5 Qxc2 17. Rxc2 Ndf6 18. Ne5 Bxd5 19. Bf3 Bxf3 20. Ndxf3 Nd5 21. a3 Nhf6 22. g3 Ne4 23. Kf1 Bh6 24. Ng4 Bf8 25. Ne3 Nef6 26. Nxd5 Nxd5 27. Ne5 h5 28. Ke2 Bh6 29. Bc1 Bg7 30. Bb2 Red8 31. f4 Bf6 32. h4 Rdc8 1/2-1/2

[Event "BCF-chT3 0506 (4NCL)"]
[Site "Birmingham"]
[Date "2006.04.30"]
[Round "10.6"]
[White "Humphreys, Jerry"]
[Black "Kahar, Krunal"]
[Result "1-0"]
[WhiteElo "2102"]
[BlackElo "2209"]
[PlyCount "107"]
[EventDate "2005.10.22"]
[EventType "team"]
[EventRounds "11"]
[EventCountry "ENG"]
[SourceTitle "EXT 2007"]
[Source "ChessBase"]
[SourceDate "2006.11.23"]
[SourceVersion "1"]
[SourceVersionDate "2006.11.23"]
[SourceQuality "1"]
[WhiteTeam "Bristol II"]
[BlackTeam "Slough Sharks II"]
[WhiteTeamCountry "ENG"]
[BlackTeamCountry "ENG"]

1. e4 c5 2. Nc3 Nc6 3. g3 g6 4. Bg2 Bg7 5. Nge2 d6 6. 0-0 e6 7. d3 Nge7 8. Be3 Nd4 9. Qd2 0-0 10. Nc1 Nec6 11. Nd1 e5 12. c3 Ne6 13. Ne2 f5 14. exf5 gxf5 15. f4 Qc7 16. Kh1 Rb8 17. fxe5 dxe5 18. Bh6 Qd6 19. Bxg7 Nxg7 20. Ne3 Be6 21. b3 Rbd8 22. Rad1 b5 23. Qc1 f4 24. gxf4 exf4 25. Nxf4 Rxf4 26. Rxf4 Qxf4 27. Bxc6 Bh3 28. Qd2 Rd6 29. Bg2 Bxg2+ 30. Nxg2 Qf3 31. Kg1 Rf6 32. Re1 Nf5 33. Qe2 Nh6 34. Qxf3 Rxf3 35. Re3 Rf6 36. Ne1 Ra6 37. Re2 c4 38. bxc4 bxc4 39. dxc4 Ra3 40. c5 Kf7 41. Nf3 Rxc3 42. Ng5+ Kg6 43. Ne4 Rc1+ 44. Kg2 Ng4 45. Kf3 Nf6 46. Rg2+ Kf5 47. Rg5+ Ke6 48. Nxf6 Kxf6 49. Rh5 Kg6 50. Rd5 Rc2 51. Rd6+ Kf5 52. c6 Rxh2 53. Rd5+ Ke6 54. Rc5 1-0

[Event "BCF-chT3 0506 (4NCL)"]
[Site "Birmingham"]
[Date "2005.10.23"]
[Round "2.4"]
[White "Ruecker, Benjamin"]
[Black "Kahar, Krunal"]
[Result "1/2-1/2"]
[WhiteElo "2229"]
[BlackElo "2209"]
[PlyCount "62"]
[EventDate "2005.10.22"]
[EventType "team"]
[EventRounds "11"]
[EventCountry "ENG"]
[SourceTitle "EXT 2007"]
[Source "ChessBase"]
[SourceDate "2006.11.23"]
[SourceVersion "1"]
[SourceVersionDate "2006.11.23"]
[SourceQuality "1"]
[WhiteTeam "Kings Head"]
[BlackTeam "Slough Sharks II"]
[WhiteTeamCountry "ENG"]
[BlackTeamCountry "ENG"]

1. d4 d5 2. c4 c6 3. Nf3 Nf6 4. e3 e6 5. Nbd2 Be7 6. b3 0-0 7. Bd3 Nbd7 8. 0-0 b6 9. Bb2 Bb7 10. Ne5 c5 11. cxd5 Nxe5 12. dxe5 Qxd5 13. Nf3 Ne4 14. Bc4 Qxd1 15. Rfxd1 Rfd8 16. Kf1 a6 17. Ke2 b5 18. Bd3 Rac8 19. Ne1 c4 20. Bxe4 Bxe4 21. bxc4 Rxc4 22. f3 Bc6 23. Rxd8+ Bxd8 24. Kd3 Kf8 25. Nc2 Ke8 26. Nd4 Bb7 27. g4 Bb6 28. f4 Bxd4 29. Bxd4 Kd7 30. a3 Bf3 31. h3 h5 1/2-1/2

[Event "Guernsey op 29th"]
[Site "Les Dicqs"]
[Date "2003.10.23"]
[Round "5"]
[White "Pym, Thomas TW"]
[Black "Kahar, Krunal"]
[Result "0-1"]
[WhiteElo "1976"]
[BlackElo "2189"]
[PlyCount "52"]
[EventDate "2003.10.19"]
[EventType "swiss"]
[EventRounds "7"]
[EventCountry "GCI"]
[SourceTitle "EXT 2005"]
[Source "ChessBase"]
[SourceDate "2004.11.15"]
[SourceVersion "1"]
[SourceVersionDate "2004.11.15"]
[SourceQuality "1"]

1. e4 c5 2. Nf3 Nc6 3. d4 cxd4 4. Nxd4 e6 5. Nc3 a6 6. Be3 Nge7 7. f4 Nxd4 8. Qxd4 b5 9. Qd2 Bb7 10. Bd3 d5 11. exd5 Nxd5 12. Nxd5 Qxd5 13. 0-0-0 Be7 14. Kb1 0-0 15. Qe2 Qxg2 16. Bxh7+ Kxh7 17. Qh5+ Kg8 18. Rhg1 Bf3 19. Qe5 Bf6 20. Qxf6 gxf6 21. Rxg2+ Bxg2 22. Rg1 Kh7 23. Rxg2 Rg8 24. Re2 Kg6 25. c3 Kf5 26. Bd4 Rg4 0-1

[Event "Ampleforth Masters U18 2nd"]
[Site "London"]
[Date "2001.10.27"]
[Round "5.1"]
[White "Nixon, Thomas CM"]
[Black "Kahar, Krunal"]
[Result "1-0"]
[WhiteElo "2139"]
[BlackElo "2172"]
[PlyCount "51"]
[EventDate "2001.10.28"]
[EventType "swiss"]
[EventRounds "6"]
[EventCountry "ENG"]
[SourceTitle "EXT 2003"]
[Source "ChessBase"]
[SourceDate "2002.11.25"]
[SourceVersion "1"]
[SourceVersionDate "2002.11.25"]
[SourceQuality "1"]

1. d4 Nf6 2. c4 e6 3. Nc3 d5 4. Bg5 Be7 5. e3 0-0 6. Bd3 b6 7. cxd5 exd5 8. Bxf6 Bxf6 9. Qh5 g6 10. Qxd5 c6 11. Qxd8 Rxd8 12. Nf3 Bb7 13. Be4 Bg7 14. Nd2 Nd7 15. 0-0 Rac8 16. Rfd1 f5 17. Bf3 Nf6 18. Nc4 Nd5 19. Bxd5+ cxd5 20. Ne5 Kf8 21. f4 Ke7 22. Rac1 Ba6 23. Rc2 Ke6 24. Rdc1 Bf8 25. a4 Bc4 26. Nxd5 1-0

[Event "BCF-chT3 0102 (4NCL)"]
[Site "Birmingham"]
[Date "2001.09.23"]
[Round "2.2"]
[White "Kahar, Krunal"]
[Black "Thurlow, Kevin J"]
[Result "1/2-1/2"]
[WhiteElo "2172"]
[BlackElo "2194"]
[PlyCount "46"]
[EventDate "2001.09.??"]
[EventType "team"]
[EventRounds "11"]
[EventCountry "ENG"]
[SourceTitle "EXT 2003"]
[Source "ChessBase"]
[SourceDate "2002.11.25"]
[SourceVersion "1"]
[SourceVersionDate "2002.11.25"]
[SourceQuality "1"]
[WhiteTeam "Bristol II"]
[BlackTeam "White Rose II"]
[WhiteTeamCountry "ENG"]
[BlackTeamCountry "ENG"]

1. d4 Nf6 2. Bg5 d5 3. Nf3 e6 4. e3 Nbd7 5. Nbd2 h6 6. Bh4 Be7 7. Bd3 0-0 8. 0-0 c5 9. c3 b6 10. Re1 Bb7 11. Qc2 Rc8 12. Rad1 Ne8 13. Bxe7 Qxe7 14. e4 dxe4 15. Bxe4 Bxe4 16. Nxe4 cxd4 17. Nxd4 Nc5 18. Re3 Nxe4 19. Qxe4 Nd6 20. Qf4 Nc4 21. Rg3 Qc7 22. Qxc7 Rxc7 23. b3 Ne5 1/2-1/2

[Event "Smith & Williamson YM-B 11th"]
[Site "Witley"]
[Date "2001.07.16"]
[Round "1"]
[White "Bjerke, Silje"]
[Black "Kahar, Krunal"]
[Result "1-0"]
[WhiteElo "2029"]
[BlackElo "2172"]
[PlyCount "59"]
[EventDate "2001.07.13"]
[EventType "swiss"]
[EventRounds "11"]
[EventCountry "ENG"]
[SourceTitle "EXT 2005"]
[Source "ChessBase"]
[SourceDate "2004.11.15"]
[SourceVersion "1"]
[SourceVersionDate "2004.11.15"]
[SourceQuality "1"]

1. d4 Nf6 2. c4 e6 3. Nc3 d5 4. Bg5 Be7 5. Nf3 0-0 6. e3 b6 7. cxd5 exd5 8. Bd3 Be6 9. 0-0 Nbd7 10. Rc1 c5 11. Ne2 h6 12. Bh4 Nh7 13. Bxe7 Qxe7 14. Nf4 g5 15. Nxe6 Qxe6 16. Qc2 Nhf6 17. Rfd1 c4 18. Bf5 Qd6 19. Nd2 b5 20. Nf1 Nh5 21. g4 Ng7 22. Ng3 Nf6 23. Kg2 Rfe8 24. Rh1 Qc6 25. h4 Ne4 26. hxg5 Nxg3 27. Rxh6 Qc7 28. fxg3 Rxe3 29. Qf2 Rae8 30. Rch1 1-0

[Event "BCF-chT3b 0001 (4NCL)"]
[Site "Birmingham"]
[Date "2000.11.26"]
[Round "4.2"]
[White "Phillips, David A"]
[Black "Kahar, Krunal"]
[Result "1-0"]
[WhiteElo "2000"]
[BlackElo "2137"]
[PlyCount "57"]
[EventDate "2000.11.26"]
[EventType "team-tourn"]
[EventRounds "7"]
[EventCountry "ENG"]
[SourceTitle "EXT 2002"]
[Source "ChessBase"]
[SourceDate "2001.11.25"]
[SourceVersion "1"]
[SourceVersionDate "2001.11.25"]
[SourceQuality "1"]
[WhiteTeam "BCCA II"]
[BlackTeam "Bristol III"]
[WhiteTeamCountry "ENG"]
[BlackTeamCountry "ENG"]

1. e4 c5 2. Nf3 Nc6 3. d4 cxd4 4. Nxd4 e6 5. Nxc6 bxc6 6. Bd3 d5 7. 0-0 Bc5 8. e5 Ne7 9. Qg4 Ng6 10. Nc3 f5 11. exf6 Qxf6 12. Bg5 Qf7 13. Rae1 0-0 14. Be3 Bd6 15. Bxg6 hxg6 16. Qa4 Qc7 17. h3 e5 18. Ne2 Be6 19. b4 d4 20. Bd2 Bc4 21. f4 Qb6 22. Kh1 e4 23. a3 Bd5 24. Bc1 d3 25. Nc3 Qd4 26. Nxd5 Qxd5 27. cxd3 exd3 28. Rd1 c5 29. Qb5 1-0

[Event "BCF-chT3b 0001 (4NCL)"]
[Site "Birmingham"]
[Date "2000.11.25"]
[Round "3.1"]
[White "Menon, Shanker"]
[Black "Kahar, Krunal"]
[Result "1-0"]
[WhiteElo "2181"]
[BlackElo "2137"]
[PlyCount "25"]
[EventDate "2000.11.26"]
[EventType "team-tourn"]
[EventRounds "7"]
[EventCountry "ENG"]
[SourceTitle "EXT 2002"]
[Source "ChessBase"]
[SourceDate "2001.11.25"]
[SourceVersion "1"]
[SourceVersionDate "2001.11.25"]
[SourceQuality "1"]
[WhiteTeam "Athenaeum"]
[BlackTeam "Bristol III"]
[WhiteTeamCountry "ENG"]
[BlackTeamCountry "ENG"]

1. e4 e5 2. Nf3 Nc6 3. Bb5 a6 4. Bxc6 dxc6 5. 0-0 Bd6 6. d4 Bg4 7. dxe5 Bxf3 8. Qxf3 Bxe5 9. Rd1 Qf6 10. Nd2 0-0-0 11. Nc4 Ne7 12. Qg4+ Kb8 13. Bg5 1-0